Songs by Garbage: Sudden Death - Statistics

General Stats
  • This quiz has been taken 33 times
  • The average score is 6 of 11
Answers on the Grid
Answers color-coded by a green-red scale on the quiz's grid according to % correct below.
Stupid Girl
Love Shack
Queer
Push It
Shake it Off
Cherry Lips
Manic Monday
Blank Space
When I Grow Up
Come to My Window
Run Baby Run
Androgyny
I Think I'm Paranoid
Lovefool
My Favorite Game
Only Happy When it Rains
Hazy Shade of Winter
The World is Not Enough
No Horses
Quality of Mercy
 
Answer Stats
Answer % Correct
Only Happy When it Rains
84%
Stupid Girl
84%
I Think I'm Paranoid
74%
Androgyny
58%
Queer
58%
The World is Not Enough
58%
Cherry Lips
53%
Push It
47%
When I Grow Up
47%
No Horses
26%
Run Baby Run
21%
No matching quizzes found
Score Distribution
Percent of People with Each Score
Percentile by Number Answered
Your Score History
You have not taken this quiz